| 000 | 01896cac a22003131u 4500 | ||
|---|---|---|---|
| 008 | 081119t 2004xxu||||| |||| 00| 0 eng d | ||
| 010 | _a 2004042255 | ||
| 020 | _a047165664X | ||
| 082 | 0 | 0 |
_a650.01513 _bSUL _222 |
| 100 |
_aSullivan, Michael, _99069 |
||
| 245 | 1 | 0 |
_aMathematics : _ban Applied Approach / _cMichael Sullivan, Abe Mizrahi. |
| 250 | _a8th ed. | ||
| 260 |
_aNew York : _bJohn Wiley, _cc2004. |
||
| 300 |
_axx, 997, 89, 7, 14, 112, 11 p. : _bcol. ill. ; _c27 cm. |
||
| 500 | _aRevision of: Mathematics : an applied approach / Abe Mizrahi, Michael Sullivan. 7th ed. c2000. | ||
| 500 | _aIncludes index. | ||
| 650 | 0 |
_aBusiness mathematics. _99070 |
|
| 650 | 0 |
_aBusiness mathematics _vProblems, exercises, etc. _99071 |
|
| 650 | 0 |
_aSocial sciences _xMathematics. _99072 |
|
| 700 | 1 |
_aMizrahi, Abe. _99073 |
|
| 856 | 4 | 2 |
_3Publisher description _uhttp://www.loc.gov/catdir/description/wiley041/2004042255.html |
| 856 | 4 | 2 |
_3Table of contents only _uhttp://www.loc.gov/catdir/toc/wiley041/2004042255.html |
| 856 | 4 | 2 |
_3Contributor biographical information _uhttp://www.loc.gov/catdir/enhancements/fy0617/2004042255-b.html |
| 942 |
_cBB _k650.01513 SUL _2ddc |
||
| 999 |
_c4194 _d4194 |
||